John Williams... or Hans Zimmer? - Statistics

General Stats
  • This quiz has been taken 307 times
  • The average score is 13 of 15
Answer Stats
Question Answer % Correct
Inception Hans Zimmer
98%
Star Wars John Williams
98%
Indiana Jones John Williams
98%
Jaws John Williams
97%
Jurassic Park John Williams
97%
Interstellar Hans Zimmer
96%
The Dark Knight Hans Zimmer
95%
E.T. the Extra-Terrestrial John Williams
95%
Pirates of the Caribbean Hans Zimmer
92%
Gladiator Hans Zimmer
91%
The Lion King Hans Zimmer
85%
Schindler's List John Williams
82%
Superman John Williams
73%
Saving Private Ryan John Williams
72%
Driving Miss Daisy Hans Zimmer
71%
No matching quizzes found
Score Distribution
Percent of People with Each Score
Percentile by Number Answered
Your Score History
You have not taken this quiz